Tilastot visalle Sanat - "Pettävällä jäällä" - Yö

Klikkaa tästä pelataksesi tätä visaa!

Yleistilastot

  • Tätä visaa on pelattu 126 kertaa
  • Keskiarvotulos 129 / 177

Vastaustilastot

Vastaus% Oikein
täällä
92%
pettävällä
90%
saa
88%
jäällä
87%
he
85%
suojan
85%
orpolasten
83%
se
83%
hetkistä
82%
maan
82%
pienistä
82%
vasten
82%
pienistä
80%
toisiaan
80%
varjele
80%
ei
78%
korkeuteen
77%
kun
77%
matkallaan
77%
Matkallaan
77%
yksi
77%
riittääkö
75%
tiet
75%
yksinäinen
75%
oo
73%
ilta
72%
viilenee
72%
tämän
70%
huokailee
68%
jonka
68%
kanssa
68%
poika
68%
tahtoo
67%
luona
65%
sillan
65%
taas
65%
ylittää
65%
empimättä
63%
on
63%
toisen
63%
Vanhan
63%
ymmärtää
63%
rinnan
62%
virran
62%
heikkoutta
60%
tyttölasta
60%
varoo
60%
katsomasta
58%
toinen
58%
toistaan
58%
kättä
57%
koskeen
57%
kuohuvaan
57%
pitää
57%
rakastaa
52%
nämä
50%
vaikka
50%
edelleen
48%
Luvanneet
48%
käsissään
47%
polku
45%
Riittäisikö
45%
kuljettaa
43%
pimeyteen
43%
joskus
40%
silti
35%
usko
35%
vielä
35%
yhteiseen
35%
tiehen
33%
loistaa
32%

Tulosjakauma

Persentiili vastausten määrän mukaan

Jokaisen tuloksen saaneiden osuus

Tuloshistoriasi

Et ole pelannut tätä visaa